000 00389 a2200157 4500
001 76193
020 _a9788574553733
040 _cAnchieta - Colégio São Paulo
100 _aSantos, Maria Luiza Silva
240 1 0 _aAs viagens de Carola migrista -
_lpor
245 1 0 _aAs viagens de Carola migrista -
300 _a[58]
362 0 _a2016
650 4 _aLiteratura juvenil
942 _cBK
999 _c76193
_d76193